000 00278nam a22001217a 4500
008 181023b xxu||||| |||| 00| 0 eng d
041 _aeng
080 _a316
100 _a50
101 _aSOC
245 _aDimensions of Human Society and Culture
_cRaha,M,K
942 _2udc
_cBK
999 _c50682
_d50682